[Event "Altensteig"]
[Site "Altensteig"]
[Date "1994.??.??"]
[Round "6"]
[White "Bezold, Michael"]
[Black "Almasi, Zoltan"]
[Result "1/2-1/2"]
[WhiteElo "2475"]
[BlackElo "2620"]

1.c4 e5 2.Nc3 Nf6 3.Nf3 Nc6 4.a3 g6 5.g3 Bg7 6.Bg2 O-O 7.O-O Re8 8.e4 d6
9.d3 Bg4 10.h3 Bxf3 11.Bxf3 Nd4 12.Bg2 c6 13.Ne2 Nxe2+ 14.Qxe2 a5 15.Be3 a4
16.Rad1 Qe7 17.Qc2 c5 18.Rb1 Nd7 19.h4 Nb8 20.b4 axb3 21.Rxb3 Nc6 22.Rfb1 Ra7
23.Qb2 Rb8 24.Rb6 Nd8 25.Qb5 Ne6 26.a4 Bf8 27.Bh3 Nc7 28.Qd7 Ne6 29.Bxe6 Qxe6
30.Qxe6 fxe6 31.Kf1 Rxa4 32.Rxb7 Rxb7 33.Rxb7 Ra3 34.Ke2 Ra2+ 35.Kd1 h6 36.Kc1 Ra1+
37.Kb2 Rd1 38.Rb3 Kf7 39.Ra3 Rf1 40.Ra7+ Be7 41.Kc3 Ke8 42.Kd2 h5 43.Ke2 Rb1
44.Bg5 Bf8 45.Rc7 Rb2+ 46.Ke3 Rb3 47.f3 Rb2 48.g4 hxg4 49.fxg4 Rh2 50.Bf6 Rh3+
51.Kd2 Rh2+ 52.Kd1 Rh1+ 53.Kc2 Rh2+ 54.Kd1 Rh1+ 55.Kc2 Rh2+ 56.Kc3 Rg2 57.g5 Rg4
58.Rh7 Rg2 59.Kb3 Rd2 60.Kc3 Rg2 61.Kb3 Rd2 62.h5 gxh5 63.Kc3 Rg2 64.Rxh5 Kf7
65.Rh7+ Kg6 66.Ra7 Rh2 67.Ra8 Kf7 68.Ra7+ Kg6 69.Ra1 Rg2 70.Ra8 Kf7 71.Ra7+ Kg6
72.Ra8 Kf7 73.Ra7+ Kg6 74.Be7 Bxe7 75.Rxe7 Ra2 76.Rxe6+ Kxg5 77.Rxd6 Kf4
78.Rd5 Ra5 79.Kc2 Ra2+ 80.Kc3 Ra3+ 81.Kc2 Ra5 82.Kb3 Ke3 83.Rxe5 Kxd3 84.Re8 Ra7  1/2-1/2

[Event "Altensteig"]
[Site "Altensteig"]
[Date "1994.??.??"]
[Round "7"]
[White "Almasi, Zoltan"]
[Black "Gabriel, Christian"]
[Result "1-0"]
[WhiteElo "2620"]
[BlackElo "2545"]

1.e4 c5 2.Nf3 d6 3.d4 cxd4 4.Nxd4 Nf6 5.Nc3 Nc6 6.Bg5 e6 7.Qd2 a6 8.O-O-O Bd7
9.f4 h6 10.Bh4 g5 11.fxg5 Ng4 12.Nxc6 Bxc6 13.Be2 Ne5 14.g3 Ng6 15.Rhf1 Be7
16.gxh6 Nxh4 17.gxh4 Bf8 18.Qd4 Rxh6 19.h5 Qg5+ 20.Kb1 Qe5 21.Qb6 Rc8 22.Qf2 Rh7
23.Bg4 Qc5 24.Qg2 Bd7 25.Qf3 Rc7 26.e5 d5 27.Qd3 Rh6 28.Qd2 Rh8 29.Qf4 Rh7
30.Be2 Bh6 31.Qh4 Qe7 32.Rf6 Bg7 33.Qg3 Qf8 34.Bd3 Rh6 35.Rxh6 Bxh6 36.Nxd5  1-0

[Event "Altensteig"]
[Site "Altensteig"]
[Date "1994.??.??"]
[Round "8"]
[White "Bischoff, Klaus"]
[Black "Almasi, Zoltan"]
[Result "1-0"]
[WhiteElo "2525"]
[BlackElo "2620"]

1.d4 Nf6 2.c4 e6 3.Nc3 Bb4 4.Qc2 O-O 5.a3 Bxc3+ 6.Qxc3 b6 7.Bg5 Bb7 8.e3 d6
9.f3 Nbd7 10.Nh3 c5 11.O-O-O h6 12.Bh4 d5 13.dxc5 bxc5 14.Kb1 Qb6 15.Nf2 Rfe8
16.Be2 Rab8 17.Rc1 e5 18.Qd2 d4 19.e4 Nh7 20.g4 Bc6 21.Bd1 Qa6 22.Ka2 Qb6
23.Nd3 a5 24.a4 Rb7 25.b3 Reb8 26.Be1 Ng5 27.Rf1 Ra7 28.h4 Ne6 29.g5 hxg5
30.hxg5 Nf4 31.Nxf4 exf4 32.Qxf4 Bxa4 33.Rb1 Bc6 34.Rh1 Nf8 35.Bc2 Ng6 36.Qh2 d3
37.Bxd3 Rd8 38.Bc2 Bd7 39.Bc3  1-0

[Event "EUCup Gr4"]
[Site "Balatonbereny"]
[Date "1994.??.??"]
[Round "?"]
[White "Lalic, Bogdan"]
[Black "Almasi, Zoltan"]
[Result "1-0"]
[WhiteElo "2530"]
[BlackElo "2620"]

1.Nf3 Nf6 2.c4 e6 3.g3 b6 4.Bg2 Bb7 5.O-O Be7 6.Nc3 O-O 7.d4 Ne4 8.Bd2 f5
9.Qc2 Nxc3 10.Bxc3 Be4 11.Qd2 Bf6 12.Ne1 Bxg2 13.Nxg2 a5 14.Qd3 Nc6 15.e4 fxe4
16.Qxe4 Qe7 17.Ne3 Rad8 18.Rfe1 d5 19.cxd5 exd5 20.Nxd5 Qf7 21.Nxf6+ Qxf6
22.f4 Nxd4 23.Rad1 c5 24.Bxd4 cxd4 25.Qe6+ Rf7 26.Rd2 d3 27.Qc4 b5 28.Qxb5 Re7
29.Re5 Rxe5 30.fxe5 Qf3 31.Qc4+ Kh8 32.Qf4 Qd5 33.Qe3 Qxa2 34.e6 Re8 35.e7 h6
36.Qxd3 Qe6 37.Re2 Qb6+ 38.Kg2 Qb7+ 39.Kh3 Qc8+ 40.g4 Qb7 41.Qf5 Qb3+ 42.Kg2 Qb7+
43.Kg1 Qb6+ 44.Kg2 Qb7+ 45.Kg3 Qb3+ 46.Qf3 Qb8+ 47.Kg2 Qb4 48.g5 Qd6 49.gxh6 Qg6+
50.Kf1 gxh6 51.Qf8+ Kh7 52.Re4 h5 53.Re2 Qb1+ 54.Kf2 Qg6 55.Qf3 Kh8 56.Re5 h4
57.Re4 Qh6 58.Qc3+ Kh7 59.Qd4  1-0

[Event "Groningen"]
[Site "Groningen"]
[Date "1994.??.??"]
[Round "6"]
[White "Gulko, Boris F"]
[Black "Almasi, Zoltan"]
[Result "1/2-1/2"]
[WhiteElo "2590"]
[BlackElo "2620"]

1.c4 e5 2.Nc3 Nf6 3.Nf3 Nc6 4.g3 Bb4 5.Nd5 Bc5 6.Bg2 O-O 7.O-O d6 8.e3 Bb6
9.Nxb6 axb6 10.b3 Bg4 11.h3 Bh5 12.d3 e4 13.dxe4 Nxe4 14.Bb2 Re8 15.Qd5 Ra5
16.Qd3 Nb4 17.Qe2 h6 18.a3 Nc6 19.b4 Ra8 20.Rad1 Qe7 21.g4 Bg6 22.Nd2 Qe6
23.Nxe4 Bxe4 24.f3 Bh7 25.Rfe1 Ne5 26.Bf1 Qf6 27.Bg2 Qe6 28.Bf1 Qf6 29.Bg2  1/2-1/2

[Event "Groningen"]
[Site "Groningen"]
[Date "1994.??.??"]
[Round "7"]
[White "Almasi, Zoltan"]
[Black "Van Wely, Loek"]
[Result "1-0"]
[WhiteElo "2620"]
[BlackElo "2560"]

1.e4 c5 2.Nf3 d6 3.d4 cxd4 4.Nxd4 Nf6 5.Nc3 a6 6.Be3 e6 7.g4 h6 8.h3 Nc6
9.Qe2 Nxd4 10.Bxd4 e5 11.Be3 Be6 12.Bg2 Rc8 13.Nd5 Nxd5 14.exd5 Bd7 15.O-O-O Be7
16.Be4 O-O 17.Rdg1 Qa5 18.Kb1 Qa4 19.f3 Bh4 20.Qd2 g5 21.b3 Qa3 22.Rg2 f5
23.gxf5 Rxf5 24.Rg4 Rf4 25.Rxh4 Rxh4 26.Bxg5 Rh5 27.Bxh6 Kh8 28.Rg1 Qc5 29.Bg7+ Kg8
30.Qg2 Bxh3 31.Qg6 Bf5 32.Bxf5 Rxf5 33.Bf6+  1-0

[Event "HUN-chT 9394"]
[Site "?"]
[Date "1994.??.??"]
[Round "?"]
[White "Almasi, Zoltan"]
[Black "Horvath, Gyula"]
[Result "1-0"]
[WhiteElo "2610"]
[BlackElo "2435"]

1.e4 c5 2.Nf3 d6 3.d4 cxd4 4.Nxd4 Nf6 5.Nc3 a6 6.f4 Nbd7 7.Be2 g6 8.O-O Bg7
9.a4 O-O 10.a5 Qc7 11.Nb3 b5 12.axb6 Nxb6 13.Na5 Be6 14.f5 gxf5 15.exf5 Qc5+
16.Kh1 Bxf5 17.Nb3 Qc8 18.Be3 Rb8 19.Bxa6 Bg4 20.Qe1 Qd7 21.Bb5 Qc8 22.Qh4 Bf5
23.Nd4 Bg6 24.Nc6 Nbd5 25.Nxd5 Nxd5 26.c4 Rxb5 27.cxd5 Re8 28.Nxe7+ Rxe7
29.Qxe7 Bxb2 30.Rae1 Qf8 31.Bh6 Bg7 32.Qd7 Rb8 33.Bg5 Be5 34.Bf6 Bxf6 35.Rxf6 Rd8
36.Qg4 Kg7 37.Qd4 Kg8 38.h3 Rb8 39.Qf4 Rb6 40.h4 h5 41.Qg5  1-0

[Event "HUN-chT 9394"]
[Site "?"]
[Date "1994.??.??"]
[Round "?"]
[White "Csom, Istvan"]
[Black "Almasi, Zoltan"]
[Result "0-1"]
[WhiteElo "2410"]
[BlackElo "2610"]

1.d4 Nf6 2.Nf3 e6 3.g3 c5 4.Bg2 Nc6 5.O-O cxd4 6.Nxd4 Qb6 7.Nb3 d6 8.c4 Ne5
9.Na3 a6 10.Bd2 Nc6 11.Rc1 Be7 12.c5 dxc5 13.Nc4 Qc7 14.Bxc6+ Qxc6 15.Nba5 Qe4
16.Nb6 Rb8 17.Nac4 Bd7 18.f3 Qc6 19.Bc3 Rd8 20.e4 O-O 21.Qb3 Bc8 22.a4 Nd7
23.Nxc8 Qxc8 24.Ba5 Rde8 25.Rfd1 Qc6 26.Bb6 f5 27.e5 Nxb6 28.Qxb6 Qxf3 29.Qxe6+ Kh8
30.Qd5 Qg4 31.Qxb7  0-1

[Event "HUN-chT 9394"]
[Site "?"]
[Date "1994.??.??"]
[Round "?"]
[White "Kaposztas, Miklos"]
[Black "Almasi, Zoltan"]
[Result "0-1"]
[WhiteElo "2260"]
[BlackElo "2610"]

1.c4 e5 2.g3 Nf6 3.Bg2 Nc6 4.Nc3 g6 5.e3 Bg7 6.Nge2 O-O 7.O-O Re8 8.d3 d6
9.Rb1 Be6 10.Nd5 Qd7 11.b4 h5 12.b5 Nd8 13.e4 Bh3 14.Bg5 Bxg2 15.Kxg2 Nh7
16.Bxd8 Raxd8 17.Ng1 c6 18.bxc6 bxc6 19.Nc3 Ng5 20.h4 Ne6 21.Qd2 Kh7 22.Nce2 Nc5
23.Nf3 Bh6 24.Qc2 f5 25.Neg1 Rf8 26.Nh3 Ne6 27.Qc3 c5 28.Rb2 Rf7 29.Rfb1 Qc6
30.Qe1 Rdf8 31.Rb3 f4 32.Rb8 Rxb8 33.Rxb8 Qd7 34.Qd1 Kg7 35.a4 fxg3 36.fxg3 Be3
37.Rb2 Qe7 38.Rc2 Bh6 39.Rf2 Qb7 40.Qa1 Be3 41.Rb2 Qd7 42.Re2 Bd4 43.Qd1 Rxf3
44.Kxf3 Nf4 45.Nxf4 Qg4+ 46.Kg2 exf4 47.Qf1 Qxg3+ 48.Kh1 f3  0-1

[Event "Kopavogur"]
[Site "Kopavogur"]
[Date "1994.??.??"]
[Round "?"]
[White "Almasi, Zoltan"]
[Black "Kumaran, Dharshan"]
[Result "1-0"]
[WhiteElo "2610"]
[BlackElo "2465"]

1.e4 c6 2.d4 d5 3.Nc3 dxe4 4.Nxe4 Nd7 5.Ng5 Ngf6 6.Bd3 e6 7.N1f3 Be7 8.Qe2 h6
9.Nxe6 fxe6 10.Bg6+ Kf8 11.O-O Nb6 12.Ne5 Rg8 13.a4 Bd7 14.a5 Nbd5 15.c4 Nc7
16.Be3 Be8 17.Bc2 a6 18.f4 g6 19.Rf3 Bf7 20.Rg3 Qe8 21.f5 g5 22.Rf1 Bh5 23.Qd2 Bd6
24.h4 Rd8 25.Qf2 Ke7 26.hxg5 Bxe5 27.dxe5 Ng4 28.f6+ Kf7 29.Rxg4 Bxg4 30.g6+ Rxg6
31.Bxg6+ Kxg6 32.f7 Qf8 33.Qf6+ Kh5 34.Rf2  1-0

[Event "Kopavogur"]
[Site "Kopavogur"]
[Date "1994.??.??"]
[Round "?"]
[White "Almasi, Zoltan"]
[Black "Grivas, Efstratios"]
[Result "1/2-1/2"]
[WhiteElo "2610"]
[BlackElo "2505"]

1.e4 c5 2.Nf3 Nc6 3.d4 cxd4 4.Nxd4 Qb6 5.Nb3 Nf6 6.Nc3 e6 7.Bd3 d6 8.O-O a6
9.Kh1 Be7 10.f4 Qc7 11.Qf3 O-O 12.Bd2 b5 13.Rae1 b4 14.Nd1 a5 15.c4 bxc3
16.Bxc3 a4 17.Nd4 Nxd4 18.Bxd4 Ba6 19.Nc3 Qb7  1/2-1/2

[Event "Kopavogur"]
[Site "Kopavogur"]
[Date "1994.??.??"]
[Round "?"]
[White "Gretarsson, Andri A"]
[Black "Almasi, Zoltan"]
[Result "1/2-1/2"]
[WhiteElo "2355"]
[BlackElo "2610"]

1.e4 e5 2.Nf3 Nc6 3.Bc4 Bc5 4.O-O Nf6 5.Nc3 d6 6.h3 h6 7.d3 Na5 8.Bb3 c6
9.Na4 Bb6 10.Nxb6 axb6 11.c3 Nxb3 12.Qxb3 Be6 13.Qc2 Nd7 14.b3 O-O 15.d4 f5
16.dxe5 dxe5 17.c4 Qf6 18.Bb2 fxe4 19.Qxe4 Bxh3 20.Nxe5 Bf5 21.Qe3 Nxe5 22.Bxe5 Qg6
23.Rfd1 Be4 24.Qg3 Qxg3 25.Bxg3 b5 26.f3 Bc2 27.Rdc1 Bd3  1/2-1/2

[Event "Kopavogur"]
[Site "Kopavogur"]
[Date "1994.??.??"]
[Round "?"]
[White "Kristensen, Bjarke"]
[Black "Almasi, Zoltan"]
[Result "0-1"]
[WhiteElo "2465"]
[BlackElo "2610"]

1.e4 e5 2.Nf3 Nc6 3.d4 exd4 4.Bc4 Nf6 5.e5 Ne4 6.Bd5 Nc5 7.c3 dxc3 8.Nxc3 Be7
9.Be3 O-O 10.Qe2 Nb4 11.O-O-O Nxd5 12.Nxd5 b6 13.h4 Bb7 14.Bxc5 bxc5 15.Qc2 Bxd5
16.Rxd5 d6 17.Kb1 Rb8 18.Ng5 g6 19.f4 Rb4 20.Qd2 Qc8 21.a3 Rb3 22.Qc2 Qb7
23.Rd2 Rb8 24.Rh3 Rxh3 25.Nxh3 Qb3 26.Qxb3 Rxb3 27.h5 dxe5 28.hxg6 hxg6 29.fxe5 Re3
30.Rd7 Rxe5 31.Rxc7 Bf6 32.Rxa7 Re2 33.Rb7 Rxg2 34.a4 Rg4 35.a5 Ra4 36.Rb6 Bd4
37.a6 Kg7 38.Kc2 c4 39.Rd6 Be5 40.Rb6 Kh6 41.Nf2 Bd4  0-1

[Event "Moscow ol (Men)"]
[Site "Moscow"]
[Date "1994.??.??"]
[Round "2"]
[White "Gdanski, Jacek"]
[Black "Almasi, Zoltan"]
[Result "0-1"]
[WhiteElo "2505"]
[BlackElo "2620"]

1.e4 e5 2.Nf3 Nc6 3.Bb5 a6 4.Ba4 Nf6 5.O-O Be7 6.Bxc6 dxc6 7.Re1 Nd7 8.d4 exd4
9.Qxd4 O-O 10.Nc3 Nc5 11.Qxd8 Rxd8 12.Bf4 Ne6 13.Bg3 Bb4 14.Red1 Re8 15.Ne2 Ba5
16.Nd2 Bb6 17.Nc4 Ba7 18.Kf1 b5 19.Ne5 c5 20.f3 f6 21.Nd3 Bb6 22.Bf2 a5 23.Nef4 c4
24.Nxe6 cxd3 25.Nf4 dxc2 26.Rd2 f5 27.Bxb6 cxb6 28.Rxc2 fxe4 29.fxe4 Rxe4
30.Nd5 Be6 31.Nxb6 Rb8 32.Rc6 Rf8+ 33.Kg1 Re2 34.a4 b4 35.Rf1 Rd8 36.Rc5 Rdd2
37.Rg5 Rxb2 38.h4 h6 39.Rg3 Rbc2 40.Rd1 Red2 41.Re1 Rd6  0-1

[Event "Moscow ol (Men)"]
[Site "Moscow"]
[Date "1994.??.??"]
[Round "3"]
[White "Grivas, Efstratios"]
[Black "Almasi, Zoltan"]
[Result "1/2-1/2"]
[WhiteElo "2475"]
[BlackElo "2620"]

1.d4 Nf6 2.c4 e6 3.Nf3 b6 4.g3 Bb7 5.Bg2 Be7 6.O-O O-O 7.Nc3 Ne4 8.Qc2 Nxc3
9.Qxc3 c5 10.Rd1 d6 11.b3 Bf6 12.Bb2 Qc7 13.Qc2 Nd7 14.e4 Rac8 15.Qe2 Rfd8
16.Rd2 cxd4 17.Bxd4 Bxd4 18.Nxd4 a6 19.Rad1 Nc5 20.f4 Re8 21.Nc2 Rcd8 22.e5 dxe5
23.Qxe5 Rxd2 24.Rxd2 Qc8 25.Ne1 Bxg2 26.Kxg2 f6 27.Qd4 Qb7+ 28.Nf3 a5 29.Qe3 Re7
30.Kf1 Kf7 31.Rd4 Rd7 32.Ke2  1/2-1/2

[Event "Moscow ol (Men)"]
[Site "Moscow"]
[Date "1994.??.??"]
[Round "4"]
[White "Almasi, Zoltan"]
[Black "Magem Badals, Jorge"]
[Result "1/2-1/2"]
[WhiteElo "2620"]
[BlackElo "2520"]

1.e4 c6 2.d4 d5 3.Nc3 dxe4 4.Nxe4 Bf5 5.Ng3 Bg6 6.h4 h6 7.f4 e6 8.Nf3 Nd7
9.h5 Bh7 10.Bd3 Bxd3 11.Qxd3 Ngf6 12.Bd2 Qc7 13.O-O-O c5 14.Ne5 cxd4 15.Qxd4 Bc5
16.Qc4 Rc8 17.Nxd7 Nxd7 18.Ne4 O-O 19.Kb1 Be7 20.Qb3 Nc5 21.Nxc5 Bxc5 22.g4 Rfd8
23.g5 Qc6 24.Bc1 Bb6 25.gxh6 gxh6 26.Rhe1 Qc5 27.Rxd8+ Rxd8 28.Qh3 Kh7 29.b3 Ba5
30.Re5 Qg1 31.Qe3 Qxe3 32.Rxe3 Bb6 33.Rh3 Rd1 34.Rd3  1/2-1/2

[Event "Moscow ol (Men)"]
[Site "Moscow"]
[Date "1994.??.??"]
[Round "8"]
[White "Lobron, Eric"]
[Black "Almasi, Zoltan"]
[Result "1/2-1/2"]
[WhiteElo "2580"]
[BlackElo "2620"]

1.Nf3 Nf6 2.c4 e6 3.Nc3 Bb4 4.g3 O-O 5.Bg2 d5 6.a3 Be7 7.d4 dxc4 8.Ne5 Nc6
9.Bxc6 bxc6 10.Nxc6 Qe8 11.Nxe7+ Qxe7 12.Qa4 Nd5 13.Qxc4 Rd8 14.O-O a5 15.Re1 Nb6
16.Qc5 Qxc5 17.dxc5 Nd5 18.Bf4 Nxc3 19.bxc3 Ra7 20.Red1 Re8 21.Rab1 f6 22.f3 e5
23.Be3 Kf7 24.Kf2 Rb7 25.c4 Ra7 26.Rb5 Be6 27.Rdb1 Ra6 28.Rb7 Re7 29.Rc1 Ra8
30.c6 Kg6 31.Bb6 Ra6 32.c5 a4 33.Rd1 Kf7 34.Rd8 h6 35.g4 e4 36.h4 exf3 37.exf3 f5
38.Kg3 fxg4 39.fxg4 g6 40.Kf4 h5 41.gxh5 gxh5 42.Rh8 Kg6 43.Rhb8 Bd5 44.Rxc7 Re4+
45.Kg3 Re3+ 46.Kf4 Re4+ 47.Kg3 Re3+ 48.Kf2 Rxa3 49.Rd8 Rf3+ 50.Ke2 a3 51.Rxd5 a2
52.Kxf3 a1=Q 53.Rd6+ Kf5 54.Rf7+ Ke5 55.Re7+ Kf5 56.Rf7+ Ke5  1/2-1/2

[Event "Moscow ol (Men)"]
[Site "Moscow"]
[Date "1994.??.??"]
[Round "9"]
[White "Almasi, Zoltan"]
[Black "Jacimovic, Dragoljub"]
[Result "1-0"]
[WhiteElo "2620"]
[BlackElo "2400"]

1.e4 e6 2.d4 d5 3.Nc3 Bb4 4.e5 c5 5.a3 Bxc3+ 6.bxc3 Ne7 7.Nf3 Qa5 8.Bd2 Nbc6
9.a4 Bd7 10.Bb5 Qc7 11.O-O b6 12.Bd3 c4 13.Be2 f6 14.Re1 Ng6 15.h4 fxe5 16.h5 e4
17.hxg6 exf3 18.Bxf3 hxg6 19.g3 O-O 20.Bg2 Rf7 21.Bg5 Qd6 22.f4 Rf5 23.Qg4 Rb8
24.Qh4 a6 25.Rf1 Rff8 26.g4 b5 27.axb5 axb5 28.Rae1 Rbe8 29.Re3 Ne7 30.Rh3 Kf7
31.Qe1 Rh8 32.Qe5 Nc8 33.Rhf3 Kg8 34.Qe1 Nb6 35.Bh4 Kf7 36.Re3 Nc8 37.Re5 Ne7
38.Bg3 Qb6 39.Bf2 Rhf8 40.Be3 Kg8 41.Rf3 Qd6 42.Rh3 Rf6 43.Bd2 Ref8 44.Qh4 Kf7
45.Qg5 Ke8 46.Rh7 R6f7 47.Qh4 Nc6 48.Re1 b4 49.cxb4 Nxd4 50.Be3 g5 51.Qxg5 Nxc2
52.Bc5 Qxf4 53.Qxd5 Re7 54.Qh5+ Ref7 55.Rf1  1-0

[Event "AUT-chT9495"]
[Site "?"]
[Date "1995.??.??"]
[Round "?"]
[White "Almasi, Zoltan"]
[Black "Fauland, Alexander"]
[Result "1/2-1/2"]
[WhiteElo "2620"]
[BlackElo "2415"]

1.e4 c5 2.Nf3 Nc6 3.d4 cxd4 4.Nxd4 e5 5.Nb5 d6 6.c4 Be7 7.N1c3 a6 8.Na3 Be6
9.Be2 Bg5 10.Nc2 Bxc1 11.Rxc1 Nf6 12.O-O O-O 13.Qd2 Qb6 14.b3 Rfd8 15.Rfd1 Rac8
16.Qe1 g6 17.Rd3 Kg7 18.Rcd1 Nb4 19.Nxb4 Qxb4 20.Rf3 Ng8 21.Qd2 Rc5 22.Rd3 Rc6
23.Qg5 Qa5 24.Nd5 Bxd5 25.Rxd5 Qc7 26.Qe3 Nf6 27.R5d2 Qa5 28.g3 Qb4 29.f3 a5
30.Rd3 Nd7 31.Rd5 Nc5 32.Rxe5 dxe5 33.Rxd8 Ne6 34.Rd5 Qe1+ 35.Kg2 Nd4 36.Rxd4 exd4
37.Qxd4+ Kg8 38.Qd8+ Kg7 39.Qd4+ Kg8 40.Qd8+ Kg7 41.Qd4+  1/2-1/2

[Event "AUT-chT9495"]
[Site "?"]
[Date "1995.??.??"]
[Round "?"]
[White "Brestian, Egon"]
[Black "Almasi, Zoltan"]
[Result "0-1"]
[WhiteElo "2445"]
[BlackElo "2620"]

1.c4 e5 2.g3 Nf6 3.Bg2 Nc6 4.Nf3 g6 5.O-O Bg7 6.d4 exd4 7.Nxd4 O-O 8.Nc3 Ng4
9.Nxc6 dxc6 10.Qxd8 Rxd8 11.Bg5 Re8 12.Rac1 h6 13.Bf4 Ne5 14.b3 g5 15.Bd2 Bg4
16.h3 Bh5 17.Rfd1 f5 18.Be3 a5 19.Kf1 Re7 20.Bc5 Rf7 21.f3 f4 22.g4 Bg6 23.Bf2 Bf8
24.c5 Nd7 25.Ne4 Bxe4 26.fxe4 Ne5 27.a4 Re8 28.Bf3 Rd7 29.Rxd7 Nxd7 30.Ke1 Kf7
31.Bd4 Bg7 32.Bf2 Rd8 33.Rd1 Ke7 34.Kf1 Nf8 35.Rxd8 Kxd8 36.Be1 Ne6 37.Bxa5 Nxc5
38.e5 Nxb3 39.Bc3 Nc5 40.a5 Nd7 41.a6 bxa6 42.Bxc6 Bxe5 43.Bd2 Bd4 44.Ke1 Kc8
45.Kd1 Ne5 46.Be4 c5 47.Kc2 Kc7 48.Ba5+ Kd6 49.Bb7 Nc6 50.Be1 a5 51.Kb3 Kc7
52.Ba8 Kb6 53.h4 Ne5 54.hxg5 hxg5 55.Ka4 Nc4 56.Be4 Nb2+ 57.Ka3 c4 58.Bc2 Kb5
59.Bf2 Bxf2 60.Kxb2 Kb4 61.Bb1 Bd4+ 62.Kc2 Ka3 63.Kc1 Kb3 64.Bc2+ Kc3 65.Ba4 Be3+
66.Kd1 Kb4 67.Bc2 a4 68.Bb1 Kc3  0-1

[Event "AUT-chT9495"]
[Site "?"]
[Date "1995.??.??"]
[Round "?"]
[White "Almasi, Zoltan"]
[Black "Lukacs, Peter"]
[Result "1/2-1/2"]
[WhiteElo "2620"]
[BlackElo "2490"]

1.e4 e5 2.Nf3 Nc6 3.Bb5 a6 4.Ba4 Nf6 5.O-O Be7 6.Re1 b5 7.Bb3 d6 8.c3 O-O
9.h3 Nb8 10.d4 Nbd7 11.Nbd2 Bb7 12.Bc2 Re8 13.Nf1 Bf8 14.Ng3 g6 15.a4 c5
16.d5 c4 17.Bg5  1/2-1/2

[Event "AUT-chT9495"]
[Site "?"]
[Date "1995.??.??"]
[Round "?"]
[White "Horvath, Csaba"]
[Black "Almasi, Zoltan"]
[Result "1/2-1/2"]
[WhiteElo "2500"]
[BlackElo "2590"]

1.d4 Nf6 2.c4 e6 3.Nf3 b6 4.g3 Bb7 5.Bg2 Be7 6.O-O O-O 7.Nc3 Ne4 8.Nxe4 Bxe4
9.Ne1 Bxg2 10.Nxg2 d5 11.Qa4 Qe8 12.Qxe8 Rxe8 13.cxd5 exd5 14.Rd1 Nd7  1/2-1/2

[Event "HUN-ch Super"]
[Site "Budapest"]
[Date "1995.??.??"]
[Round "9"]
[White "Almasi, Zoltan"]
[Black "Fogarasi, Tibor"]
[Result "1/2-1/2"]
[WhiteElo "2630"]
[BlackElo "2515"]

1.e4 c5 2.Nf3 Nc6 3.d4 cxd4 4.Nxd4 Nf6 5.Nc3 d6 6.Bg5 e6 7.Qd2 a6 8.O-O-O h6
9.Be3 Bd7 10.f3 b5 11.g4 Ne5 12.Bd3 Qc7 13.Kb1 b4 14.Nce2 d5 15.Ng3 Bc5 16.Be2 Rb8
17.Rhg1 Be7 18.f4 Nc4 19.Bxc4 dxc4 20.Qe2 g6 21.Rgf1 a5 22.g5 hxg5 23.fxg5 Nh7
24.Nh5 O-O 25.Nf6+ Bxf6 26.gxf6 a4 27.Bc1 b3 28.Qe3 e5 29.Qh6 Nxf6 30.Rxf6 Rb6
31.Rxb6 Qxb6 32.Nf3 bxc2+ 33.Kxc2 Qf2+ 34.Nd2 a3 35.Rf1 Qe2 36.Rg1 Ba4+ 37.Kb1 Qd3+
38.Ka1 c3 39.Rxg6+ fxg6 40.Qxg6+ Kh8 41.Qh6+ Kg8 42.Qg6+ Kh8  1/2-1/2

[Event "Groningen"]
[Site "Groningen"]
[Date "1995.??.??"]
[Round "3"]
[White "Sokolov, Ivan"]
[Black "Almasi, Zoltan"]
[Result "1-0"]
[WhiteElo "2630"]
[BlackElo "2630"]

1.d4 Nf6 2.c4 e6 3.Nc3 Bb4 4.Qc2 O-O 5.a3 Bxc3+ 6.Qxc3 b6 7.Bg5 Bb7 8.e3 d6
9.f3 Nbd7 10.Bd3 c5 11.Ne2 Rc8 12.Qb3 cxd4 13.exd4 d5 14.O-O dxc4 15.Bxc4 h6
16.Bh4 Nb8 17.Qd3 Qe7 18.Rfe1 Rfd8 19.Ng3 g5 20.Bxe6 fxe6 21.Nf5 Qf8 22.Rxe6 Re8
23.Rxe8 Rxe8 24.Bg3 Rd8 25.Re1 Nc6 26.Re6 Kh8 27.Nd6 Bc8 28.Nxc8 Rxc8 29.Qg6 Nxd4
30.Rxf6 Ne2+ 31.Kf1 Nxg3+ 32.hxg3 Qg7 33.Qf5  1-0

[Event "Groningen"]
[Site "Groningen"]
[Date "1995.??.??"]
[Round "4"]
[White "Almasi, Zoltan"]
[Black "Adams, Michael"]
[Result "1-0"]
[WhiteElo "2630"]
[BlackElo "2660"]

1.e4 c6 2.d4 d5 3.Nc3 dxe4 4.Nxe4 Nd7 5.Ng5 Ngf6 6.Bd3 e6 7.N1f3 Bd6 8.Qe2 h6
9.Ne4 Nxe4 10.Qxe4 Nf6 11.Qe2 b6 12.Bd2 Bb7 13.O-O-O Qc7 14.Kb1 Rd8 15.c4 O-O
16.Bc3 Qe7 17.g4 c5 18.Rhg1 Bxf3 19.Qxf3 cxd4 20.Bd2 Nd7 21.Qe4 f5 22.gxf5 Nc5
23.Qe2 exf5 24.Qxe7 Bxe7 25.Bxh6 Rf7 26.Kc2 a5 27.Rde1 Bd6 28.h4 Rc8 29.Rg6 Bf8
30.Bg5 Rb8 31.Bf4 Rbb7 32.Re5 a4 33.h5 Nxd3 34.Kxd3 Kh7 35.Rd5 Bc5 36.Be5 f4
37.Bxd4 f3 38.Re6 Rbe7 39.Rxe7 Rxe7 40.Bxc5 bxc5 41.Rxc5 Re2 42.Kc3 a3 43.bxa3 Rxa2
44.Rf5 Rxf2 45.c5 Rf1 46.Kb2 Rf2+ 47.Kb3 Rf1 48.a4 Kh6 49.a5 Rb1+ 50.Kc4 Rc1+
51.Kb5 Rb1+ 52.Kc6 Ra1 53.Kb6 Rb1+ 54.Kc7 Ra1 55.c6 f2 56.Rxf2 Kxh5 57.Rf5+  1-0

[Event "Groningen"]
[Site "Groningen"]
[Date "1995.??.??"]
[Round "8"]
[White "Almasi, Zoltan"]
[Black "Karpov, Anatoly"]
[Result "0-1"]
[WhiteElo "2630"]
[BlackElo "2775"]

1.e4 c6 2.d4 d5 3.Nc3 dxe4 4.Nxe4 Nd7 5.Ng5 Ngf6 6.Bd3 e6 7.N1f3 Bd6 8.Qe2 h6
9.Ne4 Nxe4 10.Qxe4 Nf6 11.Qe2 b6 12.Bd2 Bb7 13.O-O-O Qc7 14.Kb1 Rd8 15.c4 O-O
16.Bc3 Rfe8 17.Ne5 c5 18.dxc5 Bxc5 19.f3 a5 20.Bc2 Ba6 21.Ba4 Rxd1+ 22.Rxd1 Rd8
23.Rxd8+ Qxd8 24.Bc2 Qd6 25.f4 Bb7 26.g3 Ne4 27.Be1 Qd4 28.Qh5 Nd6 29.Nd3 Qg1
30.Qd1 Bd4 31.Bf2 Qxd1+ 32.Bxd1 Bxf2 33.Nxf2 Nxc4 34.Be2 Nd6 35.Kc2 f6 36.Kc3 Kf7
37.Ng4 Ke7 38.Bd3 Be4 39.Be2 Nf5 40.Nf2 Bd5 41.a3 g5 42.Bd3 Nd6 43.Ng4 gxf4
44.gxf4 h5 45.Ne3 Be4 46.Be2 h4 47.Kd4 Bc6 48.Bd3 Bf3 49.Bf1 Kd7 50.Bc4 Nc8
51.Bb5+ Kc7 52.Ba4 Ne7 53.Bb3 Kd7 54.Nc4 Nc8 55.Ne3 Na7 56.Ba4+ Bc6 57.Bd1 Nb5+
58.Kd3 Kd6 59.Ng4 Ke7 60.Ba4 Na7 61.Bxc6 Nxc6 62.Ne3 Kd6 63.Nc4+ Kc5 64.Nd2 Kd5
65.Nf3 e5 66.Nxh4 exf4 67.Nf5 Ne5+ 68.Ke2 Kc4 69.h4 Kb3 70.Ne7 Kxb2 71.Nd5 f3+
72.Kf2 Kxa3 73.Nxb6 a4 74.h5 Kb3  0-1

[Event "Groningen"]
[Site "Groningen"]
[Date "1995.??.??"]
[Round "9"]
[White "Hansen, Curt"]
[Black "Almasi, Zoltan"]
[Result "1/2-1/2"]
[WhiteElo "2635"]
[BlackElo "2630"]

1.c4 e5 2.g3 Nf6 3.Bg2 Nc6 4.Nc3 Bb4 5.Nd5 Bc5 6.e3 d6 7.Ne2 Bg4 8.h3 Bh5
9.O-O Nxd5 10.cxd5 Ne7 11.g4 Bg6 12.d4 Bb6 13.a4 a5 14.dxe5 dxe5 15.b3 h5
16.Bb2 hxg4 17.hxg4 f6 18.Ba3 Rh4 19.Nc3 Qd7 20.d6 cxd6 21.Qxd6 Qxd6 22.Bxd6 Bf7
23.Bf3 Rd8 24.Rfd1 Be6 25.Bxe7 Kxe7 26.Rxd8 Bxd8 27.Kg2 Bc7 28.Rd1 Bb8 29.Kg3 g5
30.Nd5+ Bxd5 31.Bxd5 e4+ 32.f4 exf3 33.Kxf3 Rh3+ 34.Ke2 b6  1/2-1/2

[Event "Horgen-B"]
[Site "Horgen"]
[Date "1995.??.??"]
[Round "1"]
[White "Almasi, Zoltan"]
[Black "Masserey, Yvan"]
[Result "1-0"]
[WhiteElo "2630"]
[BlackElo "2350"]

1.e4 e6 2.d4 d5 3.Nc3 Bb4 4.e5 c5 5.a3 Bxc3+ 6.bxc3 Ne7 7.Qg4 Qc7 8.Bd3 c4
9.Be2 Nf5 10.Nf3 Nc6 11.Qh5 Bd7 12.g4 Nfe7 13.Ng5 Ng6 14.f4 Nce7 15.O-O Rf8
16.Qxh7 f6 17.Nf3 O-O-O 18.Qh3 fxe5 19.fxe5 Nf4 20.Bxf4 Rxf4 21.Ng5 Ng6 22.Qh7 Rxf1+
23.Rxf1 Nxe5 24.Qxg7 Nc6 25.Nf7 Be8 26.g5 Rd7 27.Qf8 Rxf7 28.Qxe8+ Nd8 29.Rxf7 Qxf7
30.Qxf7 Nxf7 31.h4 Kd7 32.Kg2 Ke7 33.Kg3 Nd6 34.h5 Ne4+ 35.Kf4 Nxc3 36.Bg4 Ne4
37.h6 Kf7 38.Bxe6+ Kxe6 39.h7  1-0

[Event "Horgen-B"]
[Site "Horgen"]
[Date "1995.??.??"]
[Round "4"]
[White "Kindermann, Stefan"]
[Black "Almasi, Zoltan"]
[Result "0-1"]
[WhiteElo "2565"]
[BlackElo "2630"]

1.e4 e5 2.Nf3 Nc6 3.Bb5 Nf6 4.O-O Nxe4 5.d4 Nd6 6.Bxc6 dxc6 7.dxe5 Nf5 8.Qxd8+ Kxd8
9.c4 Be6 10.b3 a5 11.Nc3 Bb4 12.Ne4 a4 13.h3 h5 14.Bd2 Bxd2 15.Nfxd2 b6 16.Nf3 Ke7
17.Rfd1 axb3 18.axb3 Rhd8 19.Neg5 Rxa1 20.Rxa1 Rd3 21.Nxe6 fxe6 22.Rb1 c5
23.b4 cxb4 24.Rxb4 Nd4 25.Ng5 Nc6 26.Ra4 Rd4 27.Ra3 Rxc4 28.g3 b5 29.Rf3 Nxe5
30.Re3 Kd6 31.f4 Rc1+ 32.Kf2 Rc2+ 33.Ke1 Nc4 34.Rxe6+ Kd5 35.Re8 b4 36.Rb8 Rb2
37.f5 b3 38.Ne6 Rb1+ 39.Ke2 b2 40.Rb5+ Kd6 41.Kd3 Na3  0-1

[Event "Horgen-B"]
[Site "Horgen"]
[Date "1995.??.??"]
[Round "5"]
[White "Almasi, Zoltan"]
[Black "Gabriel, Christian"]
[Result "1/2-1/2"]
[WhiteElo "2630"]
[BlackElo "2475"]

1.e4 e5 2.Nf3 Nc6 3.Bb5 a6 4.Ba4 Nf6 5.O-O Be7 6.Re1 b5 7.Bb3 d6 8.c3 O-O
9.h3 Nb8 10.d4 Nbd7 11.Nbd2 Bb7 12.Bc2 Re8 13.a4 Bf8 14.Bd3 c6 15.Qc2 g6
16.b3 Rc8 17.Bb2 Bg7 18.Rad1 Qc7 19.b4 Nb6 20.a5 Na4 21.dxe5 dxe5 22.c4 Nxb2
23.Qxb2 Qe7 24.c5 Rcd8 25.Bc2 Bc8 26.Nf1 Nh5 27.Ng3  1/2-1/2

[Event "Horgen-B"]
[Site "Horgen"]
[Date "1995.??.??"]
[Round "7"]
[White "Brunner, Lucas"]
[Black "Almasi, Zoltan"]
[Result "1/2-1/2"]
[WhiteElo "2530"]
[BlackElo "2630"]

1.d4 Nf6 2.c4 e6 3.Nc3 Bb4 4.Qc2 O-O 5.a3 Bxc3+ 6.Qxc3 b6 7.Bg5 Bb7 8.f3 h6
9.Bh4 d5 10.e3 Nbd7 11.cxd5 Nxd5 12.Bxd8 Nxc3 13.Bh4 Nd5 14.Bf2 c5 15.e4 Nf4
16.Bb5 Rfd8 17.Ne2 Nxe2 18.Kxe2 cxd4 19.Bxd4 Rac8 20.Rac1 Nb8 21.Be3 Nc6
22.Rc3 a6 23.Bd3 Ne5 24.Rxc8 Bxc8 25.Bxb6 Rxd3 26.Bc7 Ng4 27.Kxd3 Nf2+ 28.Ke2 Nxh1
29.Kf1 f5 30.exf5 exf5 31.Kg1 g5 32.Kxh1 f4 33.Kg1 Be6 34.b4 Bd7 35.Kf2 Bb5
36.g3 fxg3+ 37.hxg3 Kf7 38.Ke3 Bc6 39.f4 gxf4+ 40.Kxf4 h5 41.Ke5 Ke7  1/2-1/2